Applied linguistics

Na minha lista:
Detalhes bibliográficos
Autor principal: Cook, Guy
Formato: Livro
Idioma:inglês
Publicado em: Oxford Oxford University Press 2013
Colecção:Oxford introductions to language study
Assuntos:
Tags: Adicionar Tag
Sem tags, seja o primeiro a adicionar uma tag!

MARC

LEADER 00000nam a2200000 4500
001 0150141
005 20230109114412.9
020 |a 978-0-19-437598-6 
041 0 |a eng 
044 |a GB 
245 1 0 |a Applied linguistics  |c Guy Cook 
264 1 |a Oxford  |b Oxford University Press  |c 2013 
300 |a x, 134 s. 
490 1 |a Oxford introductions to language study 
830 0 |a Oxford introductions to language study 
610 2 0 |a jazykoveda 
610 2 0 |a jazyky cudzie 
610 2 0 |a angličtina 
610 2 0 |a gramatika 
610 2 0 |a vyučovanie 
610 2 0 |a komunikácia 
610 2 0 |a preklady 
610 2 0 |a štylistika 
610 2 0 |a rétorika 
100 1 |a Cook, Guy